00797nam a2200229Ia 4500003000900000008004100009020001800050040001600068080001700084100002900101245009100130260004800221300002300269650004100292650002200333650001900355650003000374700002600404942000700430999001500437952011500452IN-BaIIA211028s9999 xx 000 0 eng d a0-86720-047-2 cIIA Library a524.3bBOW-2 aBowers, Richard L913669 0aAstrophysics IIbinterstellar matter and galaxiescBowers Richard L and Terry Deeming aBostonbJones and Bartlett Publishersc1984 a[various pagings.] aAstronomy and astrophysics thesaurus aAstrophysics9794 aGalaxies91286 aInterstellar matter91189 aDeeming, Terry913914 cBK c8293d8293 00104070aBANbBANcGENd1985-06-11l1o524.3/ BOW-2p9137r2022-05-17s2021-12-08w1985-06-11yBKG£ 22.96